zpět

Detail výsledku týmu

Bristol, Olomouc

Datum a čas kvízu

36.5 Celkem bodů Celkový počet nahraných bodů na tomto kvízu bez doplňovacích otázek.
4. Pořadí na kvízu Konečné umístění týmu na tomto kvízu.

Zaznamenané odpovědi

# Otázka Odpověď Body Výsledky
1. Při úterním zasedání Sněmovny... bojový letoun (F-35) 1
2. Po skandálu s udělením milosti... Maďarsko 1
3. V přepočtu asi 40 milionů koru... The Beatles 1
4. Firma Google minulý týden přej... Gemini 1
5. V pondělí došlo ve španělské f... strčil hráči prst do zadku 1
6. Vítězné téma facebookového hla... 1A 2B 3C 4D 1
7. Dne 4. ledna 1997 došlo ke sňa... Havel, Veškrnová 1
8. Říká vám něco jméno herečky Šá... Irenka (Irena) 0
9. V roce 1994 vyšel první díl he... Tekken 1
10. Ke kterému městu se v souvislo... Vsetín 0